000 00737naa a2200205 4500
001 142127
003 ES-MaBCM
005 20241016183505.0
008 061130s2006 esp|r0p 0 ||spa d
021 _axx
035 _a(OCoLC)1365175715
040 _cES-MaBCM
100 1 _aIgartua Salaverría, Juan
_922916
245 1 3 _aUn erróneo reflejo de la presunción de inocencia en los veredictos de inculpabilidad y las sentencias absolutorias
_b: (análisis del voto particular a la STC 192/2005)
_cJuan Igartua Salaverría
520 3 _aContiene bibliografía
650 7 _aEjecución de sentencia
_958487
651 2 4 _aEspaña
_9115342
773 0 _aEn:
_tLa Ley
_dMadrid
_gV. 1 (2006), p. 1394-1401 (D-35)
_w104460
942 _cAREV
999 _c142127
_d142127